BETWEEN WORDS AND WORLDS

Podrobná bibliografia
Hlavný autor: Zouhar, Marián, 1973- (Autor)
Médium: Článok
Jazyk:slovenčina

MARC

LEADER 00000nab a2200000 a 4500
001 vtls011112841
003 SK-MaSNL
005 20260303150616.0
008 230222|2001 xo |||||||||||||||||slo|
015 |a SNBRB 
035 |a (uuid)0933bdc1-a273-4c8d-ad52-e219347c3f3b 
035 |a (urnnbn)urn:nbn:sk:snk:ar-a08gvj 
035 |a urn:nbn:sk:snk-ab9jdu 
040 |a SNKBUCL  |b slo  |c SNKBUCL  |e AACR2 
041 0 |a slo 
044 |a xo  |c SK 
100 1 |a Zouhar, Marián,  |d 1973-  |4 aut  |9 224362 
245 1 0 |a BETWEEN WORDS AND WORLDS  |c Marián Zouhar 
773 0 |t Organon F : filozofický časopis  |g Roč. 8, č. 3 (2001), s. [347]-350 
954 |a odborná, vedecká literatúra pôvodná (slovenská)  |2 lita 
958 |a OND 
958 |a EUIPO 
958 |a article13 
999 |c 2012005  |d 2013935